000 00595nmm a2200169Ia 4500
008 251105s9999||||xx |||||||||||||||||und||
020 _a9788477330110
041 _aspa
100 _aHocquellet, Richard
245 0 _aResistencia y revolución durante la Guerra de la Independencia. Del levantamiento patriótico a la soberanía nacional
264 _a[Madrid, España] :
_bPrensas Universitarias de Zaragoza,
_c2008
300 _a419 páginas
490 _aCiencias sociales
650 _aHistory of Europe: Spain
856 _uhttps://public.digitaliapublishing.com/a/2156
942 _cCF
999 _c85300
_d85300